| 000 | 01106 a2200277 4500 | ||
|---|---|---|---|
| 999 |
_c9856 _d9856 |
||
| 020 | _a9780415697521 | ||
| 020 | _a9780415697521 | ||
| 050 | 0 | 0 | _aHG4026BHA2016 |
| 100 | 1 |
_aTan Bhala, Kara, _eauthor. |
|
| 245 | 1 | 0 |
_aInternational investment management : _btheory, ethics and practice / _cKara Tan Bhala, Warren Yeh and Raj Bhala. |
| 264 | 1 |
_aLondon _aNew York : _bRoutledge, Taylor & Francis Group, _c2016. |
|
| 300 | _axvi, 570 pages ; | ||
| 500 | _aincludes index | ||
| 504 | _aIncludes bibliographical references (pages 539-558) and index. | ||
| 650 | 0 |
_aCorporations _xFinance. |
|
| 650 | 0 | _aInternational finance. | |
| 650 | 0 | _aInvestments. | |
| 650 | 0 |
_aBanks and banking, International _xLaw and legislation. |
|
| 650 | 7 | _aBUSINESS & ECONOMICS / General. | |
| 650 | 7 | _aBUSINESS & ECONOMICS / Corporate Finance. | |
| 650 | 7 | _aBUSINESS & ECONOMICS / Investments & Securities. | |
| 700 | 1 |
_aYeh, Warren, _eauthor. |
|
| 700 | 1 |
_aBhala, Raj, _eauthor. |
|
| 942 |
_2lcc _cBK _h4026 _iBHA _kHG |
||